Shantaram (Record no. 322032)

MARC details
000 -LEADER
fixed length control field 00397nam a2200157Ia 4500
008 - FIXED-LENGTH DATA ELEMENTS--GENERAL INFORMATION
fixed length control field 230718s9999 xx 000 0 und d
041 ## - LANGUAGE CODE
Language code of text/sound track or separate title eng
082 ## - DEWEY DECIMAL CLASSIFICATION NUMBER
Classification number 623.92
Item number ROB
100 ## - MAIN ENTRY--PERSONAL NAME
Personal name Roberts G.D.
9 (RLIN) 169804
245 ## - TITLE STATEMENT
Title Shantaram
260 ## - PUBLICATION, DISTRIBUTION, ETC. (IMPRINT)
Date of publication, distribution, etc. 2009
Name of publisher, distributor, etc. Abacus
300 ## - PHYSICAL DESCRIPTION
Extent 933
365 ## - TRADE PRICE
Currency code Rs.
Price amount 495.00
700 ## - ADDED ENTRY--PERSONAL NAME
Personal name Roberts G.D.
9 (RLIN) 169804
906 ## - LOCAL DATA ELEMENT F, LDF (RLIN)
d O:0019301-Aug-2009B:91118-Jul-2009
c GENRL
b 99
Holdings
Withdrawn status Lost status Damaged status Not for loan Home library Current library Date acquired Vendor Budget Code Cost, normal purchase price Bill number Total Checkouts Full call number Barcode Date last seen Discount Cost, replacement price Bill Date Koha item type Original Barcode
        Cummins College of Engineering for Women Pune Cummins College of Engineering for Women Pune 03/08/2009 Tbs GENRL 396.00 911   623.92 CCEP-BK-33239 18/07/2023 99 495.00 18/07/2009 Books 033239